[Event "New York Marshall CC 04"]
[Site "New York"]
[Date "2025.04.20"]
[Round "5"]
[White "Boyer Olson, Jack"]
[Black "Shvarts, Tim"]
[Result "1/2-1/2"]
[WhiteElo "1745"]
[BlackElo "2013"]
[PlyCount "122"]
[EventDate "2025.04.18"]
[EventType "swiss"]
[EventRounds "5"]
[EventCountry "USA"]
[SourceTitle "CB17_2025"]
[SourceDate "2025.04.23"]
[SourceVersion "1"]
[SourceVersionDate "2025.04.23"]
[SourceQuality "1"]

1. d4 Nf6 2. c4 e6 3. g3 d5 4. Bg2 Be7 5. Nf3 0-0 6. 0-0 c6 7. Nc3 b6 8. Qd3 Nbd7 9. e4 dxe4 10. Nxe4 Nxe4 11. Qxe4 Bb7 12. Rd1 Nf6 13. Qc2 Qc8 14. Bg5 h6 15. Bxf6 Bxf6 16. c5 Qc7 17. Rd2 Rfd8 18. Rad1 Rd7 19. Qc4 Rad8 20. b4 Rd5 21. Ne1 R5d7 22. Nf3 Qc8 23. a4 Qc7 24. h4 Ba8 25. Rd3 g6 26. Ne5 Rd5 27. Bxd5 Rxd5 28. Ng4 Bg7 29. Ne3 Rd8 30. cxb6 Qxb6 31. b5 cxb5 32. Qxb5 Qc7 33. d5 Rb8 34. d6 Qd8 35. Qc5 Rc8 36. Qxa7 Bf3 37. d7 Ra8 38. Qxa8 Bxa8 39. Rc1 Bb7 40. Rb1 Bd5 41. Nxd5 exd5 42. Rxd5 Bf6 43. Rc1 Kg7 44. Rc8 Qb6 45. d8Q Bxd8 46. Rcxd8 Qb1+ 47. Rd1 Qa2 48. Ra8 Qb3 49. Re1 Qb7 50. Rae8 Qa6 51. Ra1 Qa5 52. Re3 Kh7 53. Rb3 Kg7 54. Ra2 Kh7 55. Rb5 Qe1+ 56. Kh2 Qe6 57. Rbb2 g5 58. hxg5 hxg5 59. a5 g4 60. Ra1 Qf6 61. Rba2 Qa6 1/2-1/2